000 00352pab a2200133 454500
008 180718b2004 xxu||||| |||| 00| 0 eng d
100 _aSoderblom, Jason D.
245 _aHow to avoid unnecessary wars - use your intelligence
260 _c2004
300 _ap.14-21.
650 _aWar
773 _aInternational Politics and Society
909 _a61597
999 _c61597
_d61597